| 000 | 00588nam a2200205Ia 4500 | ||
|---|---|---|---|
| 005 | 20250508161301.0 | ||
| 008 | 008 250505s9999 xx 000 0 eng d | ||
| 037 | _aTextual | ||
| 040 |
_aFEDL _beng _cFEDL |
||
| 041 |
_aeng _2eng |
||
| 084 |
_a574, BIO _qFEDL |
||
| 100 |
_aLiebherr Harold G _9770512 |
||
| 245 | 0 | _aTeacher and bscs special materials | |
| 260 | _c1966 | ||
| 300 | _aix,70p. | ||
| 490 | _aBiological sciences curriculum study special publication No. 4 | ||
| 700 |
_a Peterson Glen E _9770513 |
||
| 942 |
_cTEXL _h574, BIO |
||
| 999 |
_c1369335 _d1369335 |
||